| 000 | 00845nam0a22002531 4500 | ||
|---|---|---|---|
| 001 | rc\996107 | ||
| 005 | 20250622071858.0 | ||
| 035 | _a(NLR Aleph) 006162954 | ||
| 090 |
_a5882703 _c5882703 |
||
| 100 | _a20041129d1981 |||y0rusy50 ca | ||
| 101 | 0 | _arus | |
| 102 | _aRU | ||
| 105 | _ay ||||||||| | ||
| 200 | 1 |
_aЧерты развития эстонской советской литературы за период 1976-1980 гг. _eДокл. на VIII съезде писателей Эстонии 25 марта 1981 г. |
|
| 210 |
_aМ. _cБ. и. _d1981 |
||
| 215 |
_a36 с. _d21 |
||
| 225 | 1 | _aК VII съезду писателей СССР | |
| 333 | _aДСП | ||
| 700 | 1 |
_aКуусберг _bП. _f1916- _gПауль |
|
| 801 | 0 |
_aRU _bNLR _gpsbo |
|
| 801 | 1 |
_aRU _bELAR _2rusmarc |
|
| 852 |
_aNLR _j81-50К/3705 |
||
| 942 | _cBOOK | ||
| 980 | _aNB | ||